Animal par image d'œuf - Statistiques

Statistiques générales
  • Ce quiz a été pris 478 fois
  • Le résultat moyen est 7 sur 16
Statistiques - réponses
Par images Réponse % Correct
Poule
99%
Autruche
87%
Caille
82%
Grenouille
66%
Esturgeon
63%
Tortue
48%
Saumon
47%
Serpent
45%
Requin
40%
Mouche
25%
Corbeau
17%
Mésange
17%
Moineau
17%
Cane
13%
Ornithorynque
11%
Mouette
10%
Aucun quiz correspondant
Distribution des résultats
% des personnes avec chaque résultat
Percentile par nombre de réponses
Votre historique - résultats
Vous n’avez pas pris ce quiz